[Event "Krefeld op"]
[Site "Krefeld"]
[Date "2023.08.04"]
[Round "5"]
[White "Golke, Philipp"]
[Black "Kuehn, Matthias"]
[Result "0-1"]
[WhiteElo "1347"]
[BlackElo "1915"]
[PlyCount "82"]
[EventDate "2023.08.02"]
[EventType "swiss"]
[EventRounds "9"]
[EventCountry "GER"]
[SourceTitle "CBM 215 Extra"]
[Source "ChessBase"]
[SourceDate "2023.09.30"]
[SourceVersion "1"]
[SourceVersionDate "2023.09.30"]
[SourceQuality "1"]

1. e4 g6 2. d4 Bg7 3. Nf3 d6 4. Nc3 Nf6 5. Bc4 0-0 6. 0-0 Nxe4 7. Nxe4 d5 8. Bd3 dxe4 9. Bxe4 Nd7 10. Be3 Nf6 11. Bd3 Ng4 12. c3 Nxe3 13. fxe3 Bg4 14. Qc2 f6 15. h3 Be6 16. Rae1 Qd7 17. e4 Rfd8 18. e5 c5 19. exf6 Bxf6 20. Bxg6 Kh8 21. Be4 Rg8 22. Kf2 Raf8 23. Ke3 cxd4+ 24. cxd4 Rc8 25. Qd2 Rg3 26. h4 Bxa2 27. Ra1 Bc4 28. Rf2 Qb5 29. d5 Bxh4 30. Qd4+ Bf6 31. Qxa7 Bxd5 32. Bxd5 Qxd5 33. Rh1 Bg5+ 34. Ke2 Rc2+ 35. Kf1 Qc4+ 36. Kg1 Rc1+ 37. Kh2 Bf4 38. Rxc1 Rxf3+ 39. Kh1 Qxc1+ 40. Rf1 Rxf1+ 41. Qg1 Rxg1# 0-1

[Event "EU-ch Seniors 50 19th"]
[Site "Rhodes"]
[Date "2019.04.13"]
[Round "8"]
[White "Kuehn, Matthias"]
[Black "Edvardsen, Ragnar"]
[Result "1/2-1/2"]
[WhiteElo "1947"]
[BlackElo "1984"]
[PlyCount "149"]
[EventDate "2019.04.06"]
[EventType "swiss"]
[EventRounds "9"]
[EventCountry "GRE"]
[SourceTitle "CBM 189 Extra"]
[Source "ChessBase"]
[SourceDate "2019.06.03"]
[SourceVersion "1"]
[SourceVersionDate "2019.06.03"]
[SourceQuality "1"]

1. e4 c6 2. Nc3 d5 3. g3 dxe4 4. Nxe4 Nf6 5. Nxf6+ exf6 6. Bg2 Bc5 7. Ne2 0-0 8. d4 Bb6 9. 0-0 Be6 10. c3 Re8 11. Nf4 Bc4 12. Nd3 Nd7 13. b3 Be6 14. Nf4 f5 15. Nxe6 fxe6 16. Bh3 Nf6 17. b4 Qd7 18. Qb3 Kh8 19. a4 a5 20. bxa5 Bxa5 21. Rd1 Ne4 22. c4 Bd8 23. Bg2 Ng5 24. Bf4 Bf6 25. Rab1 Re7 26. d5 cxd5 27. cxd5 Qxa4 28. d6 Qxb3 29. Rxb3 Rd7 30. Rxb7 Rxb7 31. Bxb7 Rd8 32. d7 Nf7 33. Bc7 Rf8 34. Kg2 g6 35. Re1 Nd8 36. Ba6 Kg7 37. f4 h6 38. Bb5 g5 39. Bd6 Rg8 40. Kf3 Kf7 41. Bc4 Rh8 42. Bc7 Rg8 43. Bxd8 Rxd8 44. Bxe6+ Kg6 45. Rd1 Be7 46. Rd5 Rf8 47. h3 Bd8 48. Ke3 Rf6 49. Rd6 Kg7 50. Kd4 Kf8 51. Rc6 Ke7 52. Ke5 gxf4 53. gxf4 Ba5 54. Kd5 Bd8 55. Rc8 Rxe6 56. Rxd8 Rd6+ 57. Ke5 Re6+ 58. Kxf5 Rf6+ 59. Ke5 Re6+ 60. Kd5 Rd6+ 61. Kc5 Rf6 62. Ra8 Kxd7 63. Ra4 Rf5+ 64. Kb6 Rf6+ 65. Kb7 Ke6 66. Kc6 Kf5+ 67. Kd5 Rf8 68. Kd6 Rd8+ 69. Ke7 Rd3 70. Ra5+ Kxf4 71. Rh5 Kg3 72. Rxh6 Rd4 73. Kf6 Rh4 74. Rxh4 Kxh4 75. Kf5 1/2-1/2

[Event "EU-ch Seniors 50 19th"]
[Site "Rhodes"]
[Date "2019.04.10"]
[Round "5"]
[White "Sielicki, Tomasz"]
[Black "Kuehn, Matthias"]
[Result "1-0"]
[WhiteElo "2031"]
[BlackElo "1947"]
[PlyCount "69"]
[EventDate "2019.04.06"]
[EventType "swiss"]
[EventRounds "9"]
[EventCountry "GRE"]
[SourceTitle "CBM 189 Extra"]
[Source "ChessBase"]
[SourceDate "2019.06.03"]
[SourceVersion "1"]
[SourceVersionDate "2019.06.03"]
[SourceQuality "1"]

1. d4 g6 2. e4 Bg7 3. Nc3 d6 4. f4 Nf6 5. Nf3 0-0 6. Be3 Nbd7 7. Bc4 c5 8. Qe2 cxd4 9. Bxd4 e5 10. fxe5 dxe5 11. Be3 Ng4 12. Bg5 Qb6 13. Nd5 Qxb2 14. 0-0 Ndf6 15. Nxf6+ Bxf6 16. Rab1 Qa3 17. Bxf6 Qc5+ 18. Kh1 Nxf6 19. Rb5 Qc7 20. Ng5 Bg4 21. Qd3 Rad8 22. Qb3 Rd4 23. Bxf7+ Kh8 24. h3 Be2 25. Rxb7 Qd6 26. Rf2 Nxe4 27. Nxe4 Rxe4 28. Bxg6 Bc4 29. Rxh7+ Kg8 30. Qg3 Re1+ 31. Kh2 Rxf2 32. Be4+ Kf8 33. Qxf2+ Ke8 34. Rh8+ Kd7 35. Qxa7+ 1-0

[Event "Wiesbaden op 30th"]
[Site "Wiesbaden"]
[Date "2018.08.24"]
[Round "2"]
[White "Kuehn, Matthias"]
[Black "Ernst, Michael"]
[Result "1/2-1/2"]
[WhiteElo "1972"]
[BlackElo "2145"]
[PlyCount "42"]
[EventDate "2018.08.23"]
[EventType "swiss"]
[EventRounds "7"]
[EventCountry "GER"]
[SourceTitle "CBM 186 Extra"]
[Source "ChessBase"]
[SourceDate "2018.08.24"]
[SourceVersion "1"]
[SourceVersionDate "2018.08.24"]
[SourceQuality "1"]

1. e4 e6 2. Nc3 d5 3. g3 dxe4 4. Nxe4 Bd7 5. Bg2 Bc6 6. f3 Be7 7. Ne2 Nf6 8. 0-0 0-0 9. d4 b6 10. a4 a6 11. g4 Nbd7 12. N2g3 Bb7 13. f4 Qc8 14. g5 Nxe4 15. Nxe4 c5 16. dxc5 Nxc5 17. Nd6 Bxd6 18. Qxd6 Bxg2 19. Kxg2 Qb7+ 20. Kg1 f6 21. a5 Qe4 1/2-1/2

[Event "Wiesbaden op 30th"]
[Site "Wiesbaden"]
[Date "2018.08.23"]
[Round "1"]
[White "Busch, Guenther"]
[Black "Kuehn, Matthias"]
[Result "0-1"]
[WhiteElo "1509"]
[BlackElo "1972"]
[PlyCount "91"]
[EventDate "2018.08.23"]
[EventType "swiss"]
[EventRounds "7"]
[EventCountry "GER"]
[SourceTitle "CBM 186 Extra"]
[Source "ChessBase"]
[SourceDate "2018.08.24"]
[SourceVersion "1"]
[SourceVersionDate "2018.08.24"]
[SourceQuality "1"]

1. Nf3 g6 2. c4 Bg7 3. Nc3 e5 4. d3 Nc6 5. g3 f5 6. Bg2 Nf6 7. e4 0-0 8. Bg5 h6 9. Bxf6 Rxf6 10. 0-0 d6 11. Nd5 Rf7 12. Nh4 Kh7 13. exf5 gxf5 14. Rb1 Nd4 15. Qh5 Kg8 16. Nc3 c6 17. Ne2 Qg5 18. Bf3 Nxf3+ 19. Qxf3 Bd7 20. Nc3 Raf8 21. Qg2 Kh7 22. f4 exf4 23. Rxf4 Be5 24. Nf3 Qg6 25. Nxe5 dxe5 26. Rh4 Qd6 27. d4 exd4 28. Rd1 c5 29. Qd2 Bc6 30. Nd5 Bxd5 31. cxd5 Rf6 32. Qg2 Rd8 33. Re1 Rg6 34. Rf4 Qxd5 35. Re7+ Rg7 36. Rxg7+ Kxg7 37. Qxd5 Rxd5 38. Rf1 b6 39. Kf2 Kf6 40. Ke2 Re5+ 41. Kd2 Ke6 42. b3 b5 43. Rc1 Kd5 44. Rb1 c4 45. bxc4+ bxc4 46. Rb6 0-1

[Event "GER-ch Seniors 50"]
[Site "Hamburg"]
[Date "2018.07.23"]
[Round "3"]
[White "Kuehn, Matthias"]
[Black "Von Kiedrowski, Klemens"]
[Result "0-1"]
[WhiteElo "1944"]
[BlackElo "2084"]
[PlyCount "84"]
[EventDate "2018.07.21"]
[EventType "swiss"]
[EventRounds "9"]
[EventCountry "GER"]
[SourceTitle "CBM 186 Extra"]
[Source "ChessBase"]
[SourceDate "2018.08.24"]
[SourceVersion "1"]
[SourceVersionDate "2018.08.24"]
[SourceQuality "1"]

1. e4 e6 2. Nc3 d5 3. g3 c5 4. Bg2 Nf6 5. e5 Nfd7 6. f4 Nc6 7. Nf3 Rb8 8. Qe2 a6 9. d3 Be7 10. a4 Nb4 11. 0-0 0-0 12. Rf2 b5 13. axb5 axb5 14. h4 Qb6 15. h5 Nc6 16. g4 Nd4 17. Nxd4 cxd4 18. Nb1 Qc7 19. g5 Bb7 20. g6 Ra8 21. gxf7+ Kh8 22. Rxa8 Rxa8 23. Qd1 Ra1 24. Nd2 Nc5 25. Rf1 Bf8 26. Nf3 Qxf7 27. Nxd4 Qe8 28. Bh3 b4 29. b3 Nxd3 30. Qxd3 Ba6 31. Qe3 Bxf1 32. Bxf1 Qxh5 33. Ne2 Qg6+ 34. Kh2 Qxc2 35. Bg2 Ra2 36. Bf1 Bc5 37. Qh3 Qxc1 38. Qxe6 Qxf4+ 39. Kh3 Qxf1+ 40. Kh4 Rxe2 41. Qxd5 Qf4+ 42. Kh3 Rh2# 0-1

[Event "GER-ch Seniors 50"]
[Site "Hamburg"]
[Date "2018.07.21"]
[Round "1"]
[White "Kuehn, Matthias"]
[Black "Ramm, Karl Heinz"]
[Result "1-0"]
[WhiteElo "1944"]
[BlackElo "1224"]
[PlyCount "77"]
[EventDate "2018.07.21"]
[EventType "swiss"]
[EventRounds "9"]
[EventCountry "GER"]
[SourceTitle "CBM 186 Extra"]
[Source "ChessBase"]
[SourceDate "2018.08.24"]
[SourceVersion "1"]
[SourceVersionDate "2018.08.24"]
[SourceQuality "1"]

1. e4 e5 2. Nc3 Nf6 3. g3 d6 4. Bg2 c6 5. d3 d5 6. Bg5 Be7 7. Bxf6 Bxf6 8. exd5 cxd5 9. Nxd5 Be6 10. Nxf6+ Qxf6 11. Bxb7 Nd7 12. Bxa8 0-0 13. Qf3 Qe7 14. Ne2 Nb6 15. Bc6 Qb4+ 16. c3 Qxb2 17. 0-0 Qa3 18. Qe3 Qd6 19. Bg2 Rd8 20. Rfd1 Rd7 21. f4 f6 22. fxe5 fxe5 23. a4 Nd5 24. Bxd5 Qxd5 25. c4 Qc6 26. Qxe5 Rd8 27. Nf4 Re8 28. Nxe6 Rxe6 29. Qd5 Qb6+ 30. c5 Qa6 31. Rf1 h6 32. Rae1 Kh7 33. Rxe6 Qxa4 34. Qe4+ Qxe4 35. Rxe4 Kg6 36. c6 Kh5 37. c7 g5 38. c8Q a5 39. Qe8# 1-0

[Event "Reykjavik op"]
[Site "Reykjavik"]
[Date "2016.03.08"]
[Round "1"]
[White "Paehtz, Elisabeth"]
[Black "Kuehn, Matthias"]
[Result "1-0"]
[WhiteElo "2474"]
[BlackElo "1957"]
[PlyCount "99"]
[EventDate "2016.03.08"]
[EventType "swiss"]
[EventRounds "10"]
[EventCountry "ISL"]
[SourceTitle "CBM 171 Extra"]
[Source "ChessBase"]
[SourceDate "2016.04.26"]
[SourceVersion "1"]
[SourceVersionDate "2016.04.26"]
[SourceQuality "1"]

1. e4 g6 2. d4 Bg7 3. Nc3 d6 4. Be3 Nc6 5. Nge2 e5 6. dxe5 dxe5 7. Qxd8+ Nxd8 8. Nb5 Ne6 9. a4 a6 10. Na3 b5 11. Nb1 Nf6 12. f3 Rb8 13. axb5 axb5 14. Nd2 c5 15. Nb3 Nd4 16. Nexd4 cxd4 17. Bd2 0-0 18. Ra5 Be6 19. Nc5 Bc4 20. Nd3 Rfc8 21. b3 Be6 22. Ra2 Nd7 23. Be2 f5 24. 0-0 Bf8 25. Rfa1 Bd6 26. Bg5 Rb6 27. Ra8 Bb8 28. Nb4 Nc5 29. Be7 fxe4 30. Bxc5 Rxc5 31. fxe4 Rc8 32. R1a6 Rxa6 33. Rxa6 Bd7 34. Kf1 Rc7 35. Nd5 Rb7 36. Nf6+ Kf7 37. Nxh7 Kg7 38. Ng5 Rc7 39. Bd3 Ba7 40. Nf3 Bc8 41. Ra5 Rb7 42. Nxe5 Kf6 43. Nf3 b4 44. Ba6 Rc7 45. Bxc8 Bb8 46. e5+ Kf7 47. Ba6 Rxc2 48. Bc4+ Ke7 49. Nxd4 Rd2 50. Rb5 1-0

[Event "Mittelrhein Verbandsliga-M 15/16"]
[Site "Nordrheinwestfalen"]
[Date "2016.02.21"]
[Round "8.4"]
[White "Kuehn, Matthias"]
[Black "Thiel, Joachim"]
[Result "1-0"]
[WhiteElo "1912"]
[BlackElo "1927"]
[PlyCount "65"]
[EventDate "2015.09.06"]
[EventType "team-tourn"]
[EventRounds "11"]
[EventCountry "GER"]
[SourceTitle "EXT 2022"]
[Source "ChessBase"]
[SourceDate "2021.10.06"]
[SourceVersion "1"]
[SourceVersionDate "2021.10.06"]
[SourceQuality "1"]
[WhiteTeam "Rheinpark BSG"]
[BlackTeam "Kalker/Deutzer SG"]
[WhiteTeamCountry "GER"]
[BlackTeamCountry "GER"]

1. e4 c6 2. Nc3 d5 3. g3 dxe4 4. Nxe4 Nf6 5. Bg2 Nxe4 6. Bxe4 Nd7 7. Ne2 Nf6 8. Bg2 Bf5 9. d4 Qd7 10. h3 0-0-0 11. c3 e5 12. Qa4 Bd3 13. Qxa7 Ba6 14. Be3 Bd6 15. dxe5 Bxe5 16. Nd4 Rhe8 17. Bxc6 Qe7 18. 0-0-0 Rg8 19. Qa8+ Kc7 20. Nb5+ Kxc6 21. Qa7 Nd7 22. Rxd7 Kxd7 23. Qb6 g5 24. Bc5 Rg6 25. Qa7 Qe6 26. Re1 f6 27. Nd4 Qxa2 28. Qb6 Rc8 29. Ne6 Qc4 30. Rd1+ Ke8 31. Rd8+ Rxd8 32. Qxd8+ Kf7 33. Qe7+ 1-0

[Event "Mittelrhein Verbandsliga-M 15/16"]
[Site "Nordrheinwestfalen"]
[Date "2015.12.13"]
[Round "5.4"]
[White "Classen, Harald"]
[Black "Kuehn, Matthias"]
[Result "1-0"]
[WhiteElo "2151"]
[BlackElo "1912"]
[PlyCount "115"]
[EventDate "2015.09.06"]
[EventType "team-tourn"]
[EventRounds "11"]
[EventCountry "GER"]
[SourceTitle "EXT 2022"]
[Source "ChessBase"]
[SourceDate "2021.10.06"]
[SourceVersion "1"]
[SourceVersionDate "2021.10.06"]
[SourceQuality "1"]
[WhiteTeam "Leverkusen SC Bayer"]
[BlackTeam "Rheinpark BSG"]
[WhiteTeamCountry "GER"]
[BlackTeamCountry "GER"]

1. c4 g6 2. Nc3 Bg7 3. d4 d6 4. g3 Nc6 5. e3 e5 6. d5 Nce7 7. Bg2 f5 8. Nge2 Nf6 9. b3 0-0 10. Bb2 g5 11. Qd2 Ng6 12. 0-0-0 Ng4 13. Rdf1 f4 14. Bf3 Qe7 15. e4 a6 16. Kb1 Bd7 17. Nc1 b5 18. cxb5 axb5 19. Nd3 Nh6 20. h3 Rfb8 21. Nb4 Rb6 22. Be2 Nf7 23. Rc1 Nd8 24. Qd1 Qf7 25. Qf1 c5 26. dxc6 Nxc6 27. Ncd5 Nxb4 28. Nxb6 Rxa2 29. Nxd7 Qxd7 30. Bxb5 Qa7 31. Qc4+ d5 32. Qxb4 Rxb2+ 33. Kxb2 Qxf2+ 34. Rc2 Qf3 35. Rf1 Qxg3 36. Qc3 Qh4 37. Bc6 Ne7 38. Bxd5+ Nxd5 39. Qc4 Kf7 40. Qxd5+ Kg6 41. Rc6+ Bf6 42. Qe6 g4 43. Qxg4+ Qxg4 44. hxg4 Kg5 45. b4 Be7 46. b5 Kxg4 47. b6 Kg3 48. b7 Kg2 49. Rfc1 f3 50. b8Q f2 51. Qg8+ Kf3 52. Qf7+ Ke3 53. R6c3+ Kxe4 54. Qxe7 h5 55. Rc5 Kf3 56. Rxe5 Kg2 57. Qg5+ Kf3 58. Re3# 1-0

[Event "Mittelrhein Verbandsliga-M 15/16"]
[Site "Nordrheinwestfalen"]
[Date "2015.09.27"]
[Round "2.4"]
[White "Kuehn, Matthias"]
[Black "Baier, Uwe"]
[Result "1-0"]
[WhiteElo "1912"]
[BlackElo "1686"]
[PlyCount "59"]
[EventDate "2015.09.06"]
[EventType "team-tourn"]
[EventRounds "11"]
[EventCountry "GER"]
[SourceTitle "EXT 2022"]
[Source "ChessBase"]
[SourceDate "2021.10.06"]
[SourceVersion "1"]
[SourceVersionDate "2021.10.06"]
[SourceQuality "1"]
[WhiteTeam "Rheinpark BSG"]
[BlackTeam "Schlebusch SF"]
[WhiteTeamCountry "GER"]
[BlackTeamCountry "GER"]

1. e4 c6 2. Nc3 e5 3. g3 Nf6 4. Bg2 d6 5. d3 Be7 6. f4 Qb6 7. Nf3 Bg4 8. h3 Bxf3 9. Qxf3 Nbd7 10. f5 h5 11. a4 0-0-0 12. a5 Qc7 13. a6 b6 14. Be3 Rdg8 15. 0-0 g5 16. Qf2 Bf8 17. Na4 c5 18. b4 g4 19. h4 Bh6 20. Bxh6 Rxh6 21. c3 b5 22. Nb2 Kd8 23. Ra5 Qc6 24. c4 bxc4 25. Nxc4 Ke7 26. Rc1 Rc8 27. bxc5 Nxc5 28. Nxe5 Qc7 29. Qd2 Rhh8 30. d4 1-0

[Event "EU-ch 15th"]
[Site "Yerevan"]
[Date "2014.03.07"]
[Round "5"]
[White "Kuehn, Matthias"]
[Black "Hoghmrtsyan, Artur"]
[Result "0-1"]
[WhiteElo "1957"]
[BlackElo "1878"]
[PlyCount "138"]
[EventDate "2014.03.03"]
[EventType "swiss"]
[EventRounds "11"]
[EventCountry "ARM"]
[SourceTitle "CBM 160"]
[Source "ChessBase"]
[SourceDate "2014.05.15"]
[SourceVersion "1"]
[SourceVersionDate "2014.05.15"]
[SourceQuality "1"]

1. e4 d6 2. Nc3 g6 3. f4 Bg7 4. Nf3 c5 5. d3 Nc6 6. h3 e6 7. g4 Nge7 8. Bg2 Nd4 9. 0-0 f5 10. Ne2 Nxf3+ 11. Rxf3 0-0 12. exf5 exf5 13. g5 d5 14. c3 d4 15. c4 Bd7 16. Ng3 Bc6 17. Rf2 Bxg2 18. Kxg2 Nc6 19. h4 Re8 20. Bd2 Qd7 21. h5 Re7 22. Re2 Rae8 23. Rxe7 Rxe7 24. Qf3 Nb4 25. hxg6 hxg6 26. Rc1 Nxa2 27. Ra1 Nb4 28. Rxa7 Nc2 29. Nf1 Kf7 30. Kf2 Kg8 31. Ra8+ Kf7 32. Ra7 Kg8 33. Qh1 Ne3 34. Ra8+ Kf7 35. Bxe3 dxe3+ 36. Ke2 Qd4 37. Qd5+ Qxd5 38. cxd5 Bxb2 39. d6 Rd7 40. Nxe3 Rxd6 41. Nc4 Re6+ 42. Kd2 Bd4 43. Rb8 Re7 44. Rxb7 Be3+ 45. Kc3 Bxf4 46. Rb6 Bxg5 47. Nd6+ Kg7 48. Nb7 Be3 49. Kc4 f4 50. Nd8 f3 51. Nc6 Re8 52. Rb1 f2 53. Kd5 Bf4 54. Rf1 Bg3 55. Kxc5 Re1 56. Rxf2 Bxf2+ 57. Kd5 Kf6 58. d4 g5 59. Nb4 Rd1 60. Nc6 g4 61. Ke4 g3 62. Kf3 Rd3+ 63. Kg2 Bxd4 64. Nb4 Rb3 65. Nd5+ Kg5 66. Kh3 Be5 67. Kg2 Rb2+ 68. Kh1 g2+ 69. Kg1 Bd4+ 0-1

[Event "Budapest FS12 FM-A"]
[Site "Budapest"]
[Date "2012.12.09"]
[Round "8"]
[White "Kuehn, Matthias"]
[Black "Lukacs, Albert"]
[Result "0-1"]
[WhiteElo "1958"]
[BlackElo "1858"]
[PlyCount "64"]
[EventDate "2012.12.01"]
[EventType "tourn"]
[EventRounds "9"]
[EventCountry "HUN"]
[SourceTitle "EXT 2014"]
[Source "ChessBase"]
[SourceDate "2013.11.20"]
[SourceVersion "1"]
[SourceVersionDate "2013.11.20"]
[SourceQuality "1"]

1. e4 d5 2. Nc3 d4 3. Nce2 Bg4 4. d3 e5 5. h3 Bh5 6. g3 Bd6 7. Bg2 Nc6 8. f4 exf4 9. gxf4 Qh4+ 10. Kf1 Bxe2+ 11. Nxe2 f6 12. Bd2 Nge7 13. Qe1 Qh5 14. Qf2 0-0-0 15. a3 Qb5 16. Bc1 g5 17. b4 Bxf4 18. Nxf4 gxf4 19. Bd2 Ne5 20. a4 Qc6 21. Bxf4 Qc3 22. Rb1 Nxd3 23. cxd3 Qxd3+ 24. Kg1 Qxb1+ 25. Kh2 Qxb4 26. Qc2 Nc6 27. e5 d3 28. Qf2 d2 29. Rd1 fxe5 30. Bxd2 Qxa4 31. Qf5+ Kb8 32. Qb1 Rxd2 0-1

[Event "Budapest FS12 FM-A"]
[Site "Budapest"]
[Date "2012.12.03"]
[Round "2"]
[White "Montolio Benedicto, Cesar"]
[Black "Kuehn, Matthias"]
[Result "1/2-1/2"]
[WhiteElo "1962"]
[BlackElo "1958"]
[PlyCount "49"]
[EventDate "2012.12.01"]
[EventType "tourn"]
[EventRounds "9"]
[EventCountry "HUN"]
[SourceTitle "EXT 2014"]
[Source "ChessBase"]
[SourceDate "2013.11.20"]
[SourceVersion "1"]
[SourceVersionDate "2013.11.20"]
[SourceQuality "1"]

1. e4 g6 2. d4 Bg7 3. c4 d6 4. Nc3 Nc6 5. Be3 e5 6. d5 Nce7 7. g4 f5 8. gxf5 gxf5 9. Qh5+ Kf8 10. exf5 Nf6 11. Qd1 Nxf5 12. Bh3 Nxe3 13. fxe3 h5 14. Bxc8 Rxc8 15. Qf3 Ke8 16. Nh3 Ng4 17. 0-0 Qf6 18. Ne4 Qg6 19. Nhg5 Rf8 20. Qg3 Ke7 21. h3 Nh6 22. h4 Rxf1+ 23. Rxf1 Rf8 24. Rxf8 Bxf8 25. Qf3 1/2-1/2

[Event "Budapest FS12 FM-A"]
[Site "Budapest"]
[Date "2012.12.01"]
[Round "1"]
[White "Kuehn, Matthias"]
[Black "Juracsik, Jozsef"]
[Result "1/2-1/2"]
[WhiteElo "1958"]
[BlackElo "2145"]
[PlyCount "73"]
[EventDate "2012.12.01"]
[EventType "tourn"]
[EventRounds "9"]
[EventCountry "HUN"]
[SourceTitle "EXT 2014"]
[Source "ChessBase"]
[SourceDate "2013.11.20"]
[SourceVersion "1"]
[SourceVersionDate "2013.11.20"]
[SourceQuality "1"]

1. e4 c5 2. Nc3 Nc6 3. f4 g6 4. Nf3 Bg7 5. d3 d6 6. h3 h5 7. g3 e6 8. Bg2 Nh6 9. 0-0 Rb8 10. Nh4 Bf6 11. f5 g5 12. fxe6 gxh4 13. exf7+ Nxf7 14. Nd5 Bg7 15. Qf3 Nce5 16. Qe2 hxg3 17. c3 Ng5 18. Bxg5 Qxg5 19. d4 cxd4 20. cxd4 Nc6 21. e5 dxe5 22. Qc4 Rf8 23. Rxf8+ Bxf8 24. Rf1 Bg7 25. Nc7+ Kd8 26. Rf7 Bd7 27. Ne6+ Bxe6 28. Qxe6 Qe3+ 29. Kh1 Qxd4 30. Bd5 Qd1+ 31. Kg2 Qd2+ 32. Kxg3 h4+ 33. Kg4 Qd4+ 34. Kf3 e4+ 35. Bxe4 Ne5+ 36. Kf4 Qf2+ 37. Kg5 1/2-1/2

[Event "Mittelrhein Verbandsliga-M 1112"]
[Site "Germany"]
[Date "2012.02.05"]
[Round "6.7"]
[White "Kaimer, Werner"]
[Black "Kuehn, Matthias"]
[Result "1/2-1/2"]
[WhiteElo "1873"]
[BlackElo "1853"]
[PlyCount "36"]
[EventDate "2011.09.18"]
[EventType "team-tourn"]
[EventRounds "11"]
[EventCountry "GER"]
[SourceTitle "EXT 2013"]
[Source "ChessBase"]
[SourceDate "2012.11.22"]
[SourceVersion "1"]
[SourceVersionDate "2012.11.22"]
[SourceQuality "1"]
[WhiteTeam "Koeln Lasker II"]
[BlackTeam "Rheinpark BSG"]
[WhiteTeamCountry "GER"]
[BlackTeamCountry "GER"]

1. e4 g6 2. d4 Bg7 3. Nc3 d6 4. f4 Nc6 5. Be3 Nf6 6. Be2 e5 7. dxe5 dxe5 8. Qxd8+ Nxd8 9. Nb5 Ne6 10. f5 gxf5 11. exf5 a6 12. fxe6 axb5 13. Bxb5+ c6 14. exf7+ Kxf7 15. Bc4+ Nd5 16. Ne2 Bf5 17. Nc3 Rhd8 18. 0-0-0 Ke6 1/2-1/2

[Event "Mittelrhein Verbandsliga-M 1112"]
[Site "Germany"]
[Date "2012.01.15"]
[Round "5.7"]
[White "Kuehn, Matthias"]
[Black "Klos, Stefan"]
[Result "1-0"]
[WhiteElo "1853"]
[BlackElo "1649"]
[PlyCount "35"]
[EventDate "2011.09.18"]
[EventType "team-tourn"]
[EventRounds "11"]
[EventCountry "GER"]
[SourceTitle "EXT 2013"]
[Source "ChessBase"]
[SourceDate "2012.11.22"]
[SourceVersion "1"]
[SourceVersionDate "2012.11.22"]
[SourceQuality "1"]
[WhiteTeam "Rheinpark BSG"]
[BlackTeam "Rheinbacher SF II"]
[WhiteTeamCountry "GER"]
[BlackTeamCountry "GER"]

1. e4 e6 2. Nc3 a6 3. g3 b5 4. Bg2 Bb7 5. d3 c5 6. Nh3 Nc6 7. 0-0 Nge7 8. Be3 Ng6 9. f4 Be7 10. Rf2 0-0 11. Qh5 d5 12. exd5 exd5 13. Nxd5 Nd4 14. f5 Ne5 15. f6 Bxd5 16. fxe7 Nef3+ 17. Bxf3 Nxf3+ 18. Rxf3 1-0

[Event "NRW Class1 0708"]
[Site "Germany"]
[Date "2008.03.02"]
[Round "7.6"]
[White "Forchert, Niko"]
[Black "Kuehn, Matthias"]
[Result "1-0"]
[WhiteElo "2185"]
[BlackElo "1874"]
[PlyCount "57"]
[EventDate "2007.09.16"]
[EventType "team"]
[EventRounds "9"]
[EventCountry "GER"]
[SourceTitle "EXT 2009"]
[Source "ChessBase"]
[SourceDate "2008.11.26"]
[SourceVersion "1"]
[SourceVersionDate "2008.11.26"]
[SourceQuality "1"]
[WhiteTeam "Bielefeld"]
[BlackTeam "Rheinpark BSG"]
[WhiteTeamCountry "GER"]
[BlackTeamCountry "GER"]

1. d4 g6 2. e4 Bg7 3. Nf3 d6 4. c3 Nc6 5. Bg5 h6 6. Bh4 f5 7. exf5 Bxf5 8. Qb3 Qd7 9. d5 Nd8 10. Nbd2 g5 11. Bg3 e5 12. Nc4 Ne7 13. Ne3 Bg6 14. 0-0-0 0-0 15. h4 Nf5 16. hxg5 Nxe3 17. fxe3 hxg5 18. Nh2 b6 19. Bb5 Qe7 20. Ng4 Nb7 21. Nh6+ Bxh6 22. Rxh6 Kg7 23. Rdh1 Nc5 24. Qd1 a6 25. Rxg6+ Kxg6 26. Qh5+ Kf5 27. Rf1+ Ke4 28. Qg6+ Kxd5 29. c4# 1-0

[Event "Cologne-ch 05"]
[Site "Cologne"]
[Date "2004.12.11"]
[Round "2"]
[White "Perez, Eneida"]
[Black "Kuehn, Matthias"]
[Result "0-1"]
[WhiteElo "1994"]
[BlackElo "1828"]
[PlyCount "110"]
[EventDate "2004.12.04"]
[EventType "swiss"]
[EventRounds "7"]
[EventCountry "GER"]
[SourceTitle "EXT 2006"]
[Source "ChessBase"]
[SourceDate "2005.11.24"]
[SourceVersion "1"]
[SourceVersionDate "2005.11.24"]
[SourceQuality "1"]

1. d4 d6 2. e3 g6 3. Bc4 Bg7 4. f4 Nc6 5. Nf3 Nf6 6. 0-0 0-0 7. c3 Nd7 8. e4 e5 9. fxe5 dxe5 10. Ng5 Bf6 11. Nf3 Nb6 12. Bb5 exd4 13. Bxc6 bxc6 14. cxd4 Bg4 15. e5 Bg7 16. Nc3 Rb8 17. Qd3 Bxf3 18. Rxf3 c5 19. dxc5 Qxd3 20. Rxd3 Nc4 21. b3 Nxe5 22. Re3 Nd7 23. c6 Nc5 24. Rf3 Ne4 25. Nxe4 Bxa1 26. Be3 Rfe8 27. Nf2 Bd4 28. Nd1 Bxe3+ 29. Nxe3 Re6 30. Nd5 Rd8 31. Nxc7 Rxc6 32. Nb5 Rd2 33. h4 Rcc2 34. Rg3 a6 35. Nc3 Rd4 36. h5 Rc1+ 37. Kf2 Rd2+ 38. Ne2 Kg7 39. hxg6 hxg6 40. a4 Rcc2 41. Re3 Rb2 42. Kf3 f5 43. g3 Kf6 44. Kf2 g5 45. Ke1 Rd8 46. Nc3 Rh8 47. Re2 Rh1+ 48. Kf2 Rh2+ 49. Ke3 Rhxe2+ 50. Nxe2 Rxb3+ 51. Kd2 Ke5 52. Kc2 Re3 53. Kd2 Ke4 54. a5 Ra3 55. Nc3+ Rxc3 0-1